| 000 | 00699nam a22002297a 4500 | ||
|---|---|---|---|
| 999 |
_c5997 _d5997 |
||
| 003 | AR-CdUCM | ||
| 008 | 190313b ||||| |||| 00| 0 spa d | ||
| 020 | _a84-85701-54-2 | ||
| 040 |
_aMUNICIPALIDAD PROVINCIAL DEL CUSCO _cBIBLIOTECA MUNICIPAL DEL CUSCO |
||
| 082 |
_a866.31 / _bA81 |
||
| 100 |
_aAsís, Jorge _917564 |
||
| 245 |
_aCarne picada : _bcanguros II / |
||
| 260 |
_aMadrid : _bLegasa, _c1981. |
||
| 300 |
_a291 paginas ; _c20 cm. |
||
| 440 |
_aNarradores americanos _n21 _917565 |
||
| 500 | _aDonación de la familia Nieto | ||
| 505 | _aMontañas equivocadas -- Vale todo ... | ||
| 650 |
_aNovelas Argentinas _99625 |
||
| 650 |
_aSiglo XX. _98 |
||
| 942 |
_2ddc _cLIBROS |
||
| 945 | _aacv | ||